000 00298nam a22001337a 4500
008 180201b xxu||||| |||| 00| 0 eng d
020 _a0697214869
041 _aeng
080 _a51
100 _a36
101 _aMAT
245 _aTRIGOMETRY AND ITS APPLICATION
_cLARRY.I
942 _2udc
_cBK
999 _c41506
_d41506